Nitto ATP Finals - Men's Winners - Statistics

General Stats
  • This quiz has been taken 79 times
    67 since last reset
  • The average score is 59 of 77
Answer Stats
Answer % Correct
Daniil Medvedev
96%
Novak Djokovic
96%
Novak Djokovic
96%
Novak Djokovic
96%
Novak Djokovic
96%
Novak Djokovic
96%
Novak Djokovic
96%
Novak Djokovic
96%
Stefanos Tsitsipas
96%
Alexander Zverev
93%
Alexander Zverev
93%
Roger Federer
93%
Roger Federer
93%
Roger Federer
93%
Roger Federer
93%
Roger Federer
93%
Roger Federer
93%
Andre Agassi
89%
Andy Murray
87%
Dominic Thiem
87%
Jannik Sinner
87%
John McEnroe
87%
John McEnroe
87%
John McEnroe
87%
Pete Sampras
87%
Pete Sampras
87%
Pete Sampras
87%
Pete Sampras
87%
Pete Sampras
87%
Rafael Nadal
87%
Björn Borg
85%
Björn Borg
85%
Björn Borg
85%
Jimmy Connors
85%
Casper Ruud
83%
Boris Becker
80%
Boris Becker
80%
Boris Becker
80%
Boris Becker
80%
Grigor Dimitrov
80%
Rod Laver
80%
Ivan Lendl
76%
Ivan Lendl
76%
Ivan Lendl
76%
Ivan Lendl
76%
Ivan Lendl
76%
Juan Martín del Potro
76%
Lleyton Hewitt
76%
Lleyton Hewitt
76%
Jo-Wilfried Tsonga
72%
Mats Wilander
72%
Stefan Edberg
72%
Nikolay Davydenko
70%
David Ferrer
67%
Gustavo Kuerten
67%
Arthur Ashe
65%
Ilie Năstase
65%
Ilie Năstase
65%
Ilie Năstase
65%
Ilie Năstase
65%
David Goffin
63%
David Nalbandian
63%
Jim Courier
63%
Carlos Moyá
61%
Michael Chang
61%
Stan Smith
61%
Yevgeny Kafelnikov
61%
Guillermo Vilas
59%
Juan Carlos Ferrero
57%
Manuel Orantes
54%
Michael Stich
54%
Àlex Corretja
50%
James Blake
46%
Vitas Gerulaitis
35%
Tom Okker
30%
Sébastien Grosjean
28%
Wojtek Fibak
15%
No matching quizzes found
Score Distribution
Percent of People with Each Score
Percentile by Number Answered
Your Score History
You have not taken this quiz since the last reset